| 000 | 00577nam a2200193Ia 4500 | ||
|---|---|---|---|
| 005 | 20250425162834.0 | ||
| 008 | 250425s9999 xx 000 0 und d | ||
| 020 | _a9781482224122 | ||
| 041 | _aeng | ||
| 082 |
_a006.696 _pZEM |
||
| 100 | _aZeman, Nicholas Bernhardt | ||
| 245 | 0 |
_aEssential skills for 3D modeling, rendering, and animation _cNicholas Bernhardt Zeman |
|
| 260 |
_aBoca Raton _bCRC Press, Taylor & Francis _c2015 |
||
| 300 | _a226 páginas | ||
| 650 | _aAnimación por computadora | ||
| 650 | _aModelado tridimensional | ||
| 942 | _c01 | ||
| 010 | _a112301 | ||
| 999 |
_c237469 _d237469 |
||